|
|
|
|
| LEADER |
00000nam0a2200000 4500 |
| 001 |
346058 |
| 005 |
20231102005838.0 |
| 010 |
|
|
|a 9785699375844
|
| 035 |
|
|
|a (RuTPU)RU\TPU\book\377914
|
| 090 |
|
|
|a 346058
|
| 100 |
|
|
|a 20210520d2009 m y0rusy50 ca
|
| 101 |
1 |
|
|a rus
|c spa
|
| 102 |
|
|
|a RU
|
| 105 |
|
|
|a y z 000ay
|
| 200 |
1 |
|
|a День гнева
|e роман
|e пер. с исп.
|f А. Перес-Реверте
|g пер. С. Богдановского
|
| 210 |
|
|
|a Москва
|c Эксмо
|a Санкт-Петербург
|c Домино
|d 2009
|
| 215 |
|
|
|a 413 с.
|
| 225 |
1 |
|
|a Интеллектуальный бестселлер
|
| 330 |
|
|
|a Впервые на русском — новейший роман самого знаменитого писателя современной Испании, автора международных бестселлеров "Клуб Дюма" и "Фламадская доска", "Кожа для барабана" и "Учитель фехтования", "Карта небесной сферы" и "Королева Юга", цикла романов о капитане Алатристе и т. д. и т. п. Роман "День гнева" посвящен краеугольному событию испанской истории — мадридскому восстанию 2 мая 1808 года против Наполеона, безжалостно подавленному французскими войсками и послужившему толчком к долгой Франко-испанской войне и возрождению испанского самосознания; восстанию, известному всему миру по картине Ф. Гойи "Расстрел повстанцев в ночь на 3 мая 1808 года". С непревзойденным мастерством Перес-Реверте разворачивает перед читателем панораму охваченного бунтом города, любовно выписывает каждый листок и камень, каждое действующее лицо — каменотесов и прачек, придворных и офицеров гвардии, благородных дам и страстных кавалеров...
|
| 606 |
1 |
|
|a Испанская литература
|2 stltpush
|3 (RuTPU)RU\TPU\subj\13206
|9 39855
|
| 610 |
1 |
|
|a художественная литература
|
| 610 |
1 |
|
|a интеллектуальные романы
|
| 610 |
1 |
|
|a исторические романы
|
| 675 |
|
|
|a 86
|v 4
|
| 700 |
|
1 |
|a Перес-Реверте
|b А.
|g Артуро
|
| 702 |
|
1 |
|a Богдановский
|b С.
|g Сергей
|4 730
|
| 801 |
|
1 |
|a RU
|b 63413507
|c 20210520
|
| 801 |
|
2 |
|a RU
|b 63413507
|c 20210701
|g RCR
|
| 942 |
|
|
|c BK
|